| 000 | 01255pam a2200301 a 4500 | ||
|---|---|---|---|
| 001 | goodnewsfromoute00kess | ||
| 003 | CaSfIA | ||
| 005 | 20210118090539.0 | ||
| 007 | cr|||| | ||
| 008 | 890608s1989 nyu 000 1 eng | ||
| 035 | _9(DLC) 89005108 | ||
| 856 | 4 | 1 |
_uhttp://www.archive.org/details/goodnewsfromoute00kess _zFree eBook from the Internet Archive |
| 856 | 4 | 2 |
_uhttp://www.openlibrary.org/books/OL2187013M _zAdditional information and access via Open Library |
| 010 | _a 89005108 | ||
| 020 |
_a0312931786 : _c$18.95 |
||
| 040 |
_aDLC _cDLC _dDLC _dCaSfIA |
||
| 050 | 0 | 0 |
_aPS3561.E6675 _bG6 1989 |
| 082 | 0 | 0 |
_a813/.54 _220 |
| 100 | 1 | _aKessel, John. | |
| 245 | 1 | 0 |
_aGood news from outer space / _h[electronic resource] _cby John Kessel. |
| 250 | _a1st ed. | ||
| 260 |
_aNew York : _bT. Doherty Associates, _c1989. |
||
| 300 |
_a402 p. ; _c22 cm. |
||
| 500 | _a"A TOR book"--T.p. verso. | ||
| 942 | _cEB | ||
| 506 | _fНеобхідна авторизація на https://archive.org/ (створення облікового запису безкоштовно) | ||
| 506 | _fНеобхідна авторизація на https://openlibrary.org/ (створення облікового запису безкоштовно) | ||
| 999 |
_c502403 _d502403 |
||